000 00812cam a22002893a 4500
001 2721
003 PGUSA
005 20140828083020.0
008 060331s2006||||xxu|||||s|||||000 1 eng d
040 _aPGUSA
_beng
042 _adc
050 4 _aPR
100 1 _aHaggard, H. Rider
_q(Henry Rider),
_d1856-1925
245 1 0 _aEric Brighteyes
_h[electronic resource] /
_cH. Rider Haggard
260 _bProject Gutenberg,
_c2006
506 _aPublic domain in the USA.
516 _aElectronic text
653 _aAdventure stories
653 _aVikings -- Fiction
653 _aFantasy fiction
653 _aNorse cults -- Fiction
653 _aSisters -- Fiction
653 _aIceland -- Fiction
830 0 _aProject Gutenberg
_v2721
856 4 0 _uhttp://www.gutenberg.org/ebooks/2721
942 _cEB
999 _c232054
_d232054